Govt. of
Madhya Pradesh

गोरखनाथ और उनका युग (Record no. 62277)

MARC details
000 -LEADER
fixed length control field 00464nam a22001457a 4500
003 - CONTROL NUMBER IDENTIFIER
control field MACL
005 - DATE AND TIME OF LATEST TRANSACTION
control field 20200229164432.0
008 - FIXED-LENGTH DATA ELEMENTS--GENERAL INFORMATION
fixed length control field 200229b xxu||||| |||| 00| 0 eng d
040 ## - CATALOGING SOURCE
Transcribing agency MACL
100 ## - MAIN ENTRY--PERSONAL NAME
Personal name राघव, रांगेय
9 (RLIN) 37128
245 ## - TITLE STATEMENT
Title गोरखनाथ और उनका युग
260 ## - PUBLICATION, DISTRIBUTION, ETC. (IMPRINT)
Place of publication, distribution, etc. दिल्‍ली
Name of publisher, distributor, etc. आत्‍माराम एण्‍ड संस
Date of publication, distribution, etc. 2017
650 ## - SUBJECT ADDED ENTRY--TOPICAL TERM
Topical term or geographic name as entry element धर्म
9 (RLIN) 78505
942 ## - ADDED ENTRY ELEMENTS (KOHA)
Source of classification or shelving scheme
Koha item type Hindi Books
Holdings
Withdrawn status Lost status Source of classification or shelving scheme Damaged status Not for loan Home library Current library Date acquired Cost, normal purchase price Total Checkouts Full call number Barcode Date last seen Price effective from Koha item type
          MACL MACL 29/02/2020 595.00   200 CRH033528 29/02/2020 29/02/2020 Hindi Books